[Event "Eljanov Memorial 6th"]
[Site "Chess.com INT"]
[Date "2020.10.29"]
[Round "9"]
[White "Kornijchuk, Volodymyr"]
[Black "Dubovyk, Anastasiia"]
[Result "1/2-1/2"]
[WhiteElo "2146"]
[BlackElo "1971"]
[PlyCount "98"]
[EventDate "2020.10.29"]
[EventType "swiss (blitz)"]
[EventRounds "9"]
[EventCountry "UKR"]
[SourceTitle "CBM 199 Extra"]
[Source "ChessBase"]
[SourceDate "2021.01.31"]
[SourceVersion "1"]
[SourceVersionDate "2021.01.31"]
[SourceQuality "1"]

1. d4 Nf6 2. c4 g6 3. Nc3 Bg7 4. e4 d6 5. Nf3 0-0 6. Be2 e5 7. d5 a5 8. Be3 Ng4 9. Bg5 f6 10. Bd2 f5 11. exf5 gxf5 12. h3 Nf6 13. Qc1 Na6 14. Ng5 Nc5 15. Be3 f4 16. Bxc5 dxc5 17. Nge4 Nxe4 18. Nxe4 b6 19. Bd3 Bf5 20. Qc2 Qd7 21. 0-0-0 a4 22. a3 Bh6 23. Kb1 Kh8 24. g4 fxg3 25. fxg3 Bg6 26. g4 Rf4 27. g5 Bg7 28. h4 Raf8 29. h5 Bxe4 30. Bxe4 Rf2 31. Rd2 Rxd2 32. Qxd2 Qg4 33. Qe3 Rf4 34. Bc2 Rxc4 35. h6 Rxc2 36. hxg7+ Kg8 37. Qd3 Rh2 38. Rxh2 Qg1+ 39. Ka2 Qxh2 40. Qf5 Kxg7 41. Qf6+ Kg8 42. Qd8+ Kg7 43. Qxc7+ Kg6 44. d6 Qc2 45. d7 Qb3+ 46. Kb1 Qd1+ 47. Ka2 Qb3+ 48. Kb1 Qd1+ 49. Ka2 Qb3+ 1/2-1/2

[Event "Kiev Shystarev Memorial 1st"]
[Site "Kiev"]
[Date "2020.08.31"]
[Round "9"]
[White "Malakhatko, Vadim"]
[Black "Kornijchuk, Volodymyr"]
[Result "1-0"]
[WhiteElo "2488"]
[BlackElo "2121"]
[PlyCount "61"]
[EventDate "2020.08.25"]
[EventType "swiss"]
[EventRounds "9"]
[EventCountry "UKR"]
[SourceTitle "CBM 198 Extra"]
[Source "ChessBase"]
[SourceDate "2020.11.30"]
[SourceVersion "1"]
[SourceVersionDate "2020.11.30"]
[SourceQuality "1"]

1. Nf3 Nf6 2. c4 e6 3. g3 d5 4. Bg2 c5 5. cxd5 exd5 6. d4 Nc6 7. 0-0 Bg4 8. Ne5 Be6 9. Nxc6 bxc6 10. dxc5 Bxc5 11. Qc2 Qb6 12. Nc3 Bd4 13. Na4 Qb5 14. Rd1 Be5 15. Be3 0-0 16. Rac1 Rfe8 17. b3 Bd7 18. Bf3 Bd6 19. Bc5 Bc7 20. Bd4 Ne4 21. Bxe4 dxe4 22. Bxg7 Qf5 23. Bb2 Qh3 24. Qc5 Bf5 25. Qxc6 e3 26. Qg2 exf2+ 27. Qxf2 Rad8 28. Rf1 Rd2 29. Qxf5 Qxf5 30. Rxf5 Rexe2 31. Rxc7 1-0

[Event "Kiev Shystarev Memorial 1st"]
[Site "Kiev"]
[Date "2020.08.29"]
[Round "7"]
[White "Koval, Artem"]
[Black "Kornijchuk, Volodymyr"]
[Result "0-1"]
[WhiteElo "2246"]
[BlackElo "2121"]
[PlyCount "120"]
[EventDate "2020.08.25"]
[EventType "swiss"]
[EventRounds "9"]
[EventCountry "UKR"]
[SourceTitle "EXT 2022"]
[Source "ChessBase"]
[SourceDate "2021.10.06"]
[SourceVersion "1"]
[SourceVersionDate "2021.10.06"]
[SourceQuality "1"]

1. e4 c6 2. Nc3 d5 3. Qf3 dxe4 4. Nxe4 Nd7 5. d4 Ndf6 6. Bd3 Nxe4 7. Qxe4 Nf6 8. Qh4 Qd5 9. Nf3 Bf5 10. Bxf5 Qxf5 11. 0-0 Qxc2 12. Bg5 Qf5 13. Rfe1 Rg8 14. Re5 Qg4 15. Rae1 Qxh4 16. Nxh4 0-0-0 17. Nf5 e6 18. Nh6 gxh6 19. Bxf6 Rd5 20. R5e4 Kd7 21. g3 Rg6 22. Be5 Be7 23. Kf1 h5 24. h4 Bd8 25. R1e3 a5 26. a4 f6 27. Bb8 f5 28. Rf4 Rg4 29. Be5 b5 30. axb5 Rxb5 31. b3 Be7 32. Rff3 Bd6 33. Bf6 Rg6 34. Bh8 Rg8 35. Bf6 Rg6 36. Bh8 Rb8 37. Be5 Rg4 38. Bf6 Rb5 39. Bh8 Bc7 40. Re2 Rg8 41. Bf6 Rf8 42. Bg7 Rf7 43. Bh8 Bb6 44. Rc3 Rf8 45. Bg7 Rg8 46. Bf6 Rb4 47. Rd3 Rg6 48. Bh8 Rg4 49. Rde3 Re4 50. Rxe4 fxe4 51. Rxe4 Rxb3 52. Rf4 Kd6 53. Rf7 a4 54. Bg7 Kd5 55. Rd7+ Kc4 56. Rd6 a3 57. Rxe6 a2 58. d5 cxd5 59. Ke2 Ra3 60. Bb2 Bd4 0-1

[Event "Lvov Zaveriukha Memorial 1st"]
[Site "Lvov"]
[Date "2011.04.03"]
[Round "8"]
[White "Kornijchuk, Volodymyr"]
[Black "Leshchyshak, Igor"]
[Result "1/2-1/2"]
[WhiteElo "2142"]
[BlackElo "2137"]
[PlyCount "79"]
[EventDate "2011.04.01"]
[EventType "swiss"]
[EventRounds "9"]
[EventCountry "UKR"]
[SourceTitle "CBM 141 Extra"]
[Source "ChessBase"]
[SourceDate "2011.05.03"]
[SourceVersion "1"]
[SourceVersionDate "2011.05.03"]
[SourceQuality "1"]

1. e4 e6 2. d4 d5 3. Nc3 Nf6 4. Bg5 Bb4 5. e5 h6 6. Bd2 Bxc3 7. bxc3 Ne4 8. Bd3 Nxd2 9. Qxd2 c5 10. f4 Nc6 11. Nf3 Qb6 12. Be2 Qa5 13. 0-0 cxd4 14. Nxd4 Nxd4 15. Qxd4 0-0 16. Rfb1 b6 17. Qb4 Qxb4 18. cxb4 Bb7 19. b5 Rac8 20. Bd3 f6 21. Rb4 fxe5 22. fxe5 Rc7 23. Rf1 Rcf7 24. Rxf7 Rxf7 25. g3 g5 26. Rb1 Kg7 27. Rf1 Bc8 28. Rxf7+ Kxf7 29. c3 Bd7 30. Kf2 Be8 31. h4 Kg7 32. hxg5 hxg5 33. Ke3 Bg6 34. Be2 Bb1 35. a3 Kg6 36. Bg4 Bf5 37. Be2 Bb1 38. Bg4 Bf5 39. Be2 Bb1 40. Bg4 1/2-1/2